000 02363nam a2200265Ia 4500
999 _c48600
_d48600
001 15500
003 GE_BSU
005 20241129115728.0
008 181216s2015||||ge |||||||||||||| ||geo||
040 _cGE_BSU
041 _ageo
080 _a378.4(479.223)(063) ჩ-55
245 _aჩვენი სულიერების ბალავარი : VII საერთაშორისო სამეცნიერო კონფერენციის მასალები, ბათუმი, 17-18 აპრილი, 2015 = The fundamentals of our spirituality : Proceedings of the VII International Scientific Conference, Batumi, 17-18 april, 2015 :
_b[კრებული] /
_cბათუმის შოთა რუსთაველის სახ. სახელმწ. უნ-ტი, ქრისტიანული კულტურის კვლევის ცენტრი, ნიკო ბერძენიშვილის ინ-ტის ისტორიისა და არქეოლოგიის განყ-ბა ; მთ. რედ. ბიჭიკო დიასამიძე.
264 _aბათუმი :
_bუნივერსალი,
_c2015.
300 _a440 გვ. ;
_c20 სმ.
500 _aთავფურ. აგრეთვე ინგლ. ენაზე
504 _aბიბლიოგრ. მასალების ბოლოს
653 _aსაერთაშორისო სამეცნიერო კონფერენციის მასალები
653 _aჩვენი სულიერების ბალავარი
700 _aაზმაიფარაშვილი, მაია
_e ავტორი
_923832
700 _aანდღულაძე, სოფიო
_e ავტორი
_923833
700 _aბასილაძე, იმერი
_e ავტორი
_94917
710 _aბათუმის შოთა რუსთაველის სახ. სახელმწ. უნ-ტი
_b ქრისტიანული კულტურის კვლევის ცენტრი. ნიკო ბერძენიშვილის ინ-ტი. ისტორიისა და არქეოლოგიის განყ-ბა.
_923834
942 _cBK
_2udc